Jojo ASBR - Joseph Predictions - Statistics

General Stats
  • This quiz has been taken 65 times
    23 since last reset
  • The average score is 7 of 60
Answer Stats
Character Quote % Correct
Will Anthonio Zeppeli Hey, baby!
60%
DIO WRYYYYYYYYYY!
40%
Wonder of U (Toru) ...Helloooooo? Anyone home?
30%
Dio Brando I, Dio, will kill you!
30%
Caesar Anthonio Zeppeli Your defeat will be cold and cruel!
30%
Ikuro Hashizawa Barubarubarubarubaru!
20%
Jotaro Kujo (Part 4) Bastard...
20%
Jolyne Cujoh Good grief.
20%
Mariah Ho ho ho ho...
20%
Iggy Munch munch munch!
20%
Gyro Zeppeli Nyoho!
20%
Diego Brando Useless, useless!
20%
Wamuu Wamuu!
20%
Enrico Pucci Calm down. Count Prime numbers and calm down.
10%
Ermes Costello Come at me, bro!
10%
Rohan Kishibe Did you think the great Rohan Kishibe drew manga just for money or praise?!
10%
Josuke Higashikata (JoJolion) Don't mess with me.
10%
Kosaku Kawajiri Everything's coming up Kira!
10%
Jonathan Joestar How dare you! I'll never allow it!
10%
Hol Horse I couldn't help but laugh, heh heh!
10%
Akira Otoishi I'll beat you with my pinky!
10%
Jotaro Kujo I'll be the judge!
10%
Foo Fighters I'll blow your head off your shoulders!
10%
Joseph Joestar I'll wipe the floor with you!
10%
Enrico Pucci (Final) In the name of God, I will smite you!
10%
Okuyasu Nijimura It's time to settle the score!
10%
Old Joseph Joestar It's time you learn what separates the master from the apprentice!
10%
Yukako Yamagishi I've spent all day thinking about my Koichi.
10%
Jean Pierre Polnareff I will banish you to the abyss of despair.
10%
Risotto Nero Just an ordinary kid.
10%
Pet Shop *lick*
10%
Koichi Hirose Look at what happened to me! I'm telling you, I hate your guts!
10%
Giorno Giovanna My resolve will open the way forward!
10%
Josuke Higashikata Out of my way or I wreck your face!
10%
Esidisi Scared, are we? Aha, you've grown all pale! I called you on it, didn't I? HMMMM?!
10%
Yuya Fungami *sniff* When you get worked up with anger, your body releases adrenaline, and I can smell it.
10%
Kars Stop there! Time to die!
10%
Parallel World Diego Sure, I'll play.
10%
Funny Valentine Tah-dah!
10%
Muhammad Avdol Tch! Tch! Yes I am! Tch! Tch!
10%
Noriaki Kakyoin Time for your punishment, baby.
10%
Bruno Bucciarati Try me!
10%
Guido Mista Uno! Due! And you're dead! Let's see you "prepare" for that!
10%
Weather Report We're not friends.
10%
Keicho Nijimura What are you, scared? Wimp.
10%
Robert E. O. Speedwagon Where's this punk get off? You ever even been in a fight?
10%
Pannacotta Fugo You have my utmost respect!
10%
Rudol von Stroheim You IMBECILE!
10%
Lisa Lisa You picked a bad time to test me!
10%
Vanilla Ice You're powerless before me...
10%
Prosciutto & Pesci You still don't get it! You little mammoni!
10%
Shigekiyo Yangu I can spot lies a mile away!
0%
Trish Una I know exactly what I'm doing!
0%
Narciso Anasui I'll decide what's important.
0%
Diavolo It's the result that counts! The result is the only thing that lives in infamy!
0%
Ghiaccio Leave no stone unturned? Take a leaf out of their books? You have to turn over stones, but what's a leaf doing in a book? Who says that? That pisses me off!
0%
Leone Abbacchio Let's drink some tea and have a nice chat, eh?
0%
Narancia Ghirga You! I hope you're prepared to die here!
0%
Yoshikage Kira You need to be... disposed of!
0%
Johnny Joestar You won't see me back down!
0%
No matching quizzes found
Score Distribution
Percent of People with Each Score
Percentile by Number Answered
Your Score History
You have not taken this quiz since the last reset